Collective bargaining in the workplace (Record no. 170432)

MARC details
000 -LEADER
fixed length control field 00287nam a2200097Ia 4500
082 ## - DEWEY DECIMAL CLASSIFICATION NUMBER
Classification number 311.890968 ANST
008 - FIXED-LENGTH DATA ELEMENTS--GENERAL INFORMATION
fixed length control field 210817s9999 xx 000 0 und d
100 ## - MAIN ENTRY--PERSONAL NAME
Personal name Grogan, John Claremont, South Africa, 2011
9 (RLIN) 48060
245 #0 - TITLE STATEMENT
Title Collective bargaining in the workplace
942 ## - ADDED ENTRY ELEMENTS
item type Books
Holdings
Withdrawn status Lost status Damaged status Not for loan Home library Current library Date acquired Cost, normal purchase price Total Checkouts Barcode Date last seen Price effective from item type
        Milan Park Milan Park 18.08.2021 310.00   3322810066721 18.08.2021 18.08.2021 Books